Guía visual basic /

Guardado en:
Autor Principal: Du Mortier, Gustavo
Formato: Libro
Publicado: Montevideo : Mp ediciones
Series:Soluciones Compu Magazine
Materias:
Etiquetas: Agregar Etiqueta
Sin Etiquetas, Sea el primero en etiquetar este registro!
LEADER 00710nam a22001935a 4500
001 CEM.cems012694
005 20070903164943.0
008 130507b######################000#0#####d
003 CEMS
020 |a 9879131371 
082 0 4 |a 001.642 
100 1 |a Du Mortier, Gustavo 
245 1 0 |a Guía visual basic /  |c Gustavo Du Mortier 
260 |a Montevideo :  |b Mp ediciones 
300 |a 127 p. 
490 0 |a Soluciones Compu Magazine 
505 0 |a La programación visual -- Arrancando con Visual Basic -- El Basic de Visual Basic -- Controles básicos -- Menúes -- Gráficos -- Base de datos -- Uso de la impresora 
653 |a Informática -- visual basic 
859 |a CEMS  |b BIB. CEMS - 11 de abril  |h 001.642  |i D85  |p 24022.07  |t Ej.1